Statistics for Sword Art Online Characters (Ep. 1 - 14)

Click here to take the quiz!

General Stats

  • This quiz has been taken 740 times
    (713 since last reset)
  • The average score is 8 of 21

Answer Stats

HintCharacters% Correct
Dual-Wielding HeroKirito
99%
Vice Commander of Knights of the BloodAsuna
97%
The Program who had AmnesiaYui
69%
Guild Leader of Fuuzinkazan; #1's First FriendKlein
65%
Leader of Knights of the Blood; Secretely Kayaba AkihikoHeathcliff
64%
Dragon TamerSilica
58%
SAO MerchantEgil
57%
BlacksmithLisbeth
54%
Spear Wielder of Black Cats of the Full MoonSachi
43%
Name of the Boss Monster _ _ _ _ _ _ (#1) first used Dual Wield on.The Gleam Eyes
34%
Leader of the Orange Guild "Titan's Hand"Rosalia
24%
Member of Knights of the Blood with a dark face.Kuradeel
21%
Golden Apple Leader's Husband; PKerGrimlock
21%
First Seen DeathDiabel
18%
Leader of the Liberation Army before they lose their way.Thinker
18%
Golden Apple Leader; PK VictimGriselda
18%
Second PK Victim of Golden AppleYoruko
15%
Devoted to helping (above) in his/her dutiesYulier
13%
Heavy-Armored PK Victim; Golden AppleKains
12%
Leader of a Faction in the Liberation Army. Also traps (below) in a dungeon. Appears in the second episode.Kibaou
12%
Member of the Divine Dragon Alliance; Formerly of Golden AppleSchmitt
12%

Score Distribution

Percentile by Number Answered

Percent of People with Each Score

Your Score History

You have not taken this quiz since the last reset